Shopper marketing : how to increase purchase decisions at the point of sale.

Bibliographic Details
Other Authors: Stahlberg,, Maila,
Format: Book
Published: London: Kogan Page, 2012.
Edition:2nd ed..
Subjects:
LEADER 00630cam a2200205 7i4500
001 0000031143
005 20140702090000.0
020 0 0 |a 9780749464714  
090 0 0 |a B 659.157   |b SHO 
245 0 0 |a Shopper marketing :   |b how to increase purchase decisions at the point of sale. 
250 0 0 |a 2nd ed.. 
260 0 0 |a London:   |b Kogan Page,   |c 2012. 
300 # # |a 282 p. 
650 0 0 |a Marketing  
650 0 0 |a Advertising, Point - of - sale  
650 0 0 |a Consumer - Decision making  
650 0 0 |a Shopping - Decision making  
700 1 0 |a Stahlberg,   |h Markus  
700 1 0 |a Maila,   |h Ville  
999 |a B000034434  |b Book  |c Book  |e Business Information Centre